000 02046cam a22002771i 4500
003 SA-RiAUC
005 20251029120751.0
008 251022s1996 ua g 00000 ara c
040 _aSA-JeALM
_bara
_cSA-RiAUC
_erda
082 0 4 _a252.5
090 _a252.5
_bع ث ي
100 1 _aالعثيمين، محمد بن صالح بن محمد،
_d1347-1421 هجري
_eمؤلف.
245 1 2 _aالمنهج لمريد العمرة والحج /
_cمحمد صالح العثيمين.
250 _aالطبعة الأولى.
264 1 _aالرياض :
_bدار ابن حزيمة،
_c1995
300 _a52 صفحة ؛
_c24 سم
336 _aنص
_btxt
_2rdacontent
_3كتاب
337 _aبدون وسيط
_bn
_2rdamedia
338 _aمجلد
_bnc
_2rdacarrier
650 7 _aالعمرة
_2aucsh
650 7 _aالحج
_2aucsh
856 _uhttp://www.saaid.net/mktarat/hajj/almanhaj.zip
_yDigital Copy
_2 نرجو الانتباه لإمكانية وجود اختلاف في الطبعة أو الناشر بين البيانات على البوابة وما ستجده على الكتاب نظرا لمحدودية المعلومات المتاحة على الموقع الناشر للمادة.
_3Please note that there may be a difference in the edition or publisher between the data on the portal and the book due to the limited information available on the publisher website for the material.
856 _uhttp://saaid.net/book/open.php?cat=99&book=180
_yExternal Link
_2 نرجو الانتباه لإمكانية وجود اختلاف في الطبعة أو الناشر بين البيانات على البوابة وما ستجده على الكتاب نظرا لمحدودية المعلومات المتاحة على الموقع الناشر للمادة.
_3Please note that there may be a difference in the edition or publisher between the data on the portal and the book due to the limited information available on the publisher website for the material.
942 _2ddc
_cBOOK
_n0
949 _aSA-JeALM
_d251022
_umohamedma123
_n1
999 _c12776
_d12776